000 00443nam a2200157 a 4500
001 000035463
005 20200930074348.0
008 111101s1998 mx 000 0 spa d
020 _a9681330927
040 _aDO-SdBNP
_bspa
_cBNPHU
082 _axxxx
_bxxxx
100 1 _aEscandón, Rafael
_961316
245 1 0 _aFrases humorísticas para toda ocasión /
_cRafael Escandón.
260 _aMéxico, :
_bDiana,
_c1998.
300 _a216 p. ;
_c21 cm.
999 _c34954
_d34954